000
00205 a2200097 4500
001
4417
100
_a
Dow,R.B
245
_a
Fundamentals of advanced missiles
260
_a
_b
Wiley
_c
090
_c
3615
_d
3615
942
_a
NUST-CAE
_c
M
_c
29058
999
_c
239490
_d
239490